Дизайн поверхности: композиция, пластика, графика, колористика: учебное пособие

Bibliografische gegevens
Hoofdauteur: Калмыкова Н. В. Нонна Валентиновна
Andere auteurs: Максимова И. А. Ирина Александровна
Samenvatting:Данная книга рассматривает вопросы, связанные с художественным проектированием или моделированием плоскости. Помимо закономерностей композиционного построения читатель ознакомится с графическими и пластическими способами разработки поверхности и с ее решениями в ахроматической, монохромной или в полихромной гамме, а также с ее использованием в интерьере и экстерьере архитектурных сооружений. Книга предназначена для студентов младших курсов архитектурно-художественных вузов, учащихся студий дизайна и изостудий, обучающихся графике, дизайну и декоративно-прикладному искусству, а также будет интересна широкому кругу лиц, интересующихся творчеством.
Taal:Russisch
Gepubliceerd in: Москва, КДУ, 2015
Onderwerpen:
Formaat: Boek
KOHA link:https://koha.lib.tpu.ru/cgi-bin/koha/opac-detail.pl?biblionumber=344730

MARC

LEADER 00000nam0a2200000 4500
001 344730
005 20231102005709.0
010 |a 9785982275622 
035 |a (RuTPU)RU\TPU\book\376449 
035 |a RU\TPU\book\192429 
090 |a 344730 
100 |a 20100319d2015 m y0rusy50 ca 
101 0 |a rus 
102 |a RU 
105 |a a j 001zy 
200 1 |a Дизайн поверхности: композиция, пластика, графика, колористика  |e учебное пособие  |f Н. В. Калмыкова, И. А. Максимова 
210 |a Москва  |c КДУ  |d 2015 
215 |a 154 с.  |c ил. 
320 |a Библиогр.: с. 152-153 
330 |a Данная книга рассматривает вопросы, связанные с художественным проектированием или моделированием плоскости. Помимо закономерностей композиционного построения читатель ознакомится с графическими и пластическими способами разработки поверхности и с ее решениями в ахроматической, монохромной или в полихромной гамме, а также с ее использованием в интерьере и экстерьере архитектурных сооружений. Книга предназначена для студентов младших курсов архитектурно-художественных вузов, учащихся студий дизайна и изостудий, обучающихся графике, дизайну и декоративно-прикладному искусству, а также будет интересна широкому кругу лиц, интересующихся творчеством. 
606 1 |a Архитектурный дизайн  |2 stltpush  |3 (RuTPU)RU\TPU\subj\69561  |9 84362 
610 1 |a архитектура 
610 1 |a дизайн 
610 1 |a поверхности 
610 1 |a графика 
610 1 |a колористика 
610 1 |a пластика 
610 1 |a композиция 
610 1 |a графические изображения 
610 1 |a плоские поверхности 
610 1 |a учебные пособия 
675 |a 72.01(075.8)  |v 3 
700 1 |a Калмыкова  |b Н. В.  |g Нонна Валентиновна 
701 1 |a Максимова  |b И. А.  |g Ирина Александровна 
801 1 |a RU  |b 63413507  |c 20200327 
801 2 |a RU  |b 63413507  |c 20200826  |g RCR 
942 |c BK 
959 |a 12/20200327  |d 3  |e 440,00  |f РФ:3